| 000 | 01475nam a2200265 i 4500 | ||
|---|---|---|---|
| 001 | 18796 | ||
| 003 | ES-MaACL | ||
| 005 | 20230906151926.0 | ||
| 007 | t| | ||
| 008 | 030508m20002003sp ||||1| spa d | ||
| 020 | _a84-7823-663-5 | ||
| 080 | _a75:069.538(460.27 M.) | ||
| 100 | 1 |
_aGonzález de Canales, Fernando. _958531 |
|
| 245 | 1 | 0 |
_aCatálogo de pinturas del Museo Naval / _cFernando González de Canales y López-Obrero. |
| 260 |
_aMadrid : _bMinisterio de Defensa, _c2000-<2003> |
||
| 300 |
_av. <2-6> : _bil. col. y n. ; _c30 cm. |
||
| 500 | _aEn la port.: Armada Española. | ||
| 500 | _aEn el vol. 6 aparece también como autor Rafael Estrada Giménez. | ||
| 505 | 8 | _aContiene: t. 2. Retratos de los oficiales generales del Cuerpo General de la Armada en la Jurisdicción General de Marina -- t. 3. Retratos de los oficiales particulares del Cuerpo General de la Armada y otros en la Jurisdicción Central de Marina -- t. 4. Pintura de historia marítima y de batallas y combates navales en la Jurisdicción Central de Marina -- t. 5. Retratos de buques, vistas, paisajes, bodegones y pintura religiosa en la Jurisdicción Central de Marina -- t. 6. Obras existentes en la zona marítima del Mediterráneo | |
| 650 | 1 | 4 |
_aPintura- _zMuseo Naval- _vCatálogos. _916008 |
| 650 | 1 | 4 |
_aRetratos- _zMuseo Naval- _vCatálogos. _916891 |
| 700 | 1 |
_aEstrada Giménez, Rafael. _948219 |
|
| 710 | 1 |
_aMuseo Naval (Madrid) _95906 |
|
| 852 |
_aES-MaACL _jP-1974 _bR.130218 |
||
| 999 |
_c18796 _d18796 |
||